000
00325 a2200145 4500
001
152087
040
_c
Escola São Tomás de Aquino
100
_a
QUEIRÓS, Bartolomeu Campos de
240
1
0
_a
Indez
_l
por
245
1
0
_a
Indez
362
0
_a
2004
440
1
_a
Global
697
_a
*LITERATURA INFANTO JUVENIL
942
_c
BK
999
_c
152087
_d
152087